Robert Browning /

Bibliographic Details
Main Author: Bristow, Joseph
Format: Book
Language:English
Published: New York : St. Martin's Press, 1991.
Series:New readings.
Subjects:

MARC

Tag First Indicator Second Indicator Subfields
LEADER 00000cam a2200000 a 4500
001 in00001051925
005 20150929083056.0
008 910715s1991 nyu b 001 0 eng
010 |a  91026837  
020 |a 0312067747 
035 |a (OCoLC)24173318 
035 |9 AFJ8762AM 
040 |a DLC  |c DLC  |d TXA  |d UtOrBLW 
049 |a TXAM 
050 0 0 |a PR4238  |b .B65 1991 
082 0 0 |a 821/.8  |2 20 
100 1 |a Bristow, Joseph. 
245 1 0 |a Robert Browning /  |c Joseph Bristow. 
264 1 |a New York :  |b St. Martin's Press,  |c 1991. 
300 |a xi, 178 pages ;  |c 22 cm. 
336 |a text  |b txt  |2 rdacontent 
337 |a unmediated  |b n  |2 rdamedia 
338 |a volume  |b nc  |2 rdacarrier 
490 1 |a New readings 
504 |a Includes bibliographical references (pages 174-175) and index. 
600 1 0 |a Browning, Robert,  |d 1812-1889  |x Criticism and interpretation. 
830 0 |a New readings. 
999 |a MARS 
999 f f |s 9c609d65-1149-397a-8568-a5679276593b  |i 4f0b2d7b-f477-3211-899c-3b1060d97962  |t 0 
952 f f |p normal  |a Texas A&M University  |b College Station  |c Sterling C. Evans Library  |d Evans: Library Stacks  |t 0  |e PR4238 .B65 1991  |h Library of Congress classification  |i unmediated -- volume  |m A14815561254 
998 f f |a PR4238 .B65 1991  |t 0  |l Evans: Library Stacks